00788nam a2200205 a 450000100100000000500170001000800410002702000180006804000250008608200150011124501060012626000490023230000300028150000420031150400190035370000360037270000380040895201190044699900170056500003443620200930073710.0111004s2009 cr b 000 0 spa d a9789968951449 aDO-SdBNPbspacBNPHU axxxbE825a00aEstudiar américa latina :bretos y perspectivas /cCompiladores Heriberto Cairo y Jussi Pakksvirta. aSan José, Costa Rica :bAlma Mater,c2009. a203 p. :bmapas ;c23 cm. aIncluye notas al pie de las páginas aBibliografía1 aCairo, Heriberto,ecomp.9426871 aPakkasvirta, Jussi,ecomp.959864 001054708MOaGRbGRcCTd2011-10-04iLF1l0oxxx E825ap34436-10r2020-06-25w2020-06-25y4ZPréstamo en sala c33927d33927